000 00481nam a22001577a 4500
005 20251108174932.0
008 250721s2009 xx 000 0 ara d
082 1 4 _a414.4/ألو
100 1 _aالألوسي، عادل
_eمؤلف
245 1 0 _aالخط العربي نشأته وتطوره /
264 1 _aالقاهرة :
_bالدار المصرية اللبنانية،
_c2009.
300 _a103ص.
650 1 7 _aالخط العربي
942 _2ddc
_cBK
999 _c121915
_d121915